[Event "4NCL/Div3/MKE vs. SLO2"]
[Site "Telford ENG"]
[Date "2003.01.18"]
[Round "3.8"]
[White "Houska, Karla"]
[Black "Wilcox, Charlotte"]
[Result "0-1"]
[WhiteElo "1112"]
[BlackElo "1528"]
[PlyCount "108"]
[EventDate "2003.01.18"]

1. e4 c6 2. Nc3 d5 3. exd5 cxd5 4. d4 Nc6 5. Bf4 g6 6. h3 Bg7 7. Nf3 f6 8. Bb5
Nh6 9. Bxc6+ bxc6 10. Qd2 Nf7 11. Qe3 O-O 12. O-O Re8 13. Rfe1 e5 14. dxe5 fxe5
15. Na4 Ba6 16. Bg3 Qc8 17. Rab1 e4 18. Nd2 Nh6 19. Qb3 {=} Qb7 20. Qa3 Bf8 21.
Qc3 {=} Bb4 22. Qd4 Nf5 23. Qf6 Bxd2 24. Re2 Nxg3 25. Rxd2 Nf5 26. c3 Qe7 27.
Qxc6 Bb7 28. Qc5 Qxc5 29. Nxc5 Bc6 30. g4 {=} Nd6 31. b3 Rac8 32. c4 Bb5 33.
Rxd5 {=} Nxc4 34. bxc4 Bxc4 35. Rg5 h6 36. Rxg6+ Kh7 37. Rd6 Rxc5 38. Rd7+ Kg8
39. Rbb7 Rg5 40. Rxa7 h5 41. Kh2 hxg4 42. hxg4 Rxg4 43. a4 {=} Be6 44. Rdc7 Rf8
45. Re7 Rxf2+ 46. Kh1 Rg6 47. a5 e3 48. Re8+ Rf8 49. Rxf8+ Kxf8 50. Rc7 e2 51.
Rc1 Bd5+ 52. Kh2 Rg2+ 53. Kh1 e1=Q+ 54. Rxe1 Re2+ 0-1

[Event "4NCL/Div3/NWE2 vs. SCS"]
[Site "Telford ENG"]
[Date "2003.01.18"]
[Round "3.1"]
[White "Carleton, John J"]
[Black "Greet, Andrew N"]
[Result "1/2-1/2"]
[WhiteElo "2266"]
[BlackElo "2272"]
[PlyCount "130"]
[EventDate "2003.01.18"]

1. d4 Nf6 2. c4 e6 3. Nc3 Bb4 4. f3 d5 5. a3 Bxc3+ 6. bxc3 c5 7. cxd5 exd5 8.
e3 O-O 9. Bd3 b6 10. Ne2 Re8 11. O-O Ba6 12. g4 Qc8 13. Ra2 Bxd3 14. Qxd3 Qa6
15. Qxa6 Nxa6 16. a4 Rac8 17. Bd2 Rc6 18. Nf4 Nc7 19. Rb1 Nd7 20. c4 dxc4 21.
d5 Rd6 22. e4 Ne5 23. Rf1 a6 24. Bc3 f6 25. Nh5 g6 26. Ng3 Nd3 27. f4 b5 28.
axb5 axb5 29. Ra7 b4 30. Rxc7 bxc3 31. e5 Rb6 32. d6 fxe5 33. Ne4 Rf8 34. Nxc3
Rxd6 35. fxe5 Rxf1+ 36. Kxf1 Re6 37. Ne4 Nxe5 38. Nxc5 Rf6+ 39. Kg2 Nxg4 40.
Ne4 Rf7 41. Rxf7 Kxf7 42. Nd6+ Ke6 43. Nxc4 Kd5 44. Nd2 Kd4 45. Nf3+ Ke3 46.
Ng5 h6 47. Nf7 Kf4 48. Nd6 h5 49. Nb5 Ne3+ 50. Kf2 Nf5 51. Nc3 Kg4 52. Ne2 g5
53. Ng1 Nd4 54. Ke3 Ne6 55. Ke4 Nf4 56. Nf3 h4 57. Ne5+ Kh3 58. Nf3 Ne6 59. Kf5
Kg2 60. Ne5 Nd4+ 61. Kxg5 h3 62. Ng4 Nf3+ 63. Kf4 Nxh2 64. Ne3+ Kf2 65. Nd1+
Ke1 1/2-1/2

[Event "4NCL/Div3/NWE2 vs. SCS"]
[Site "Telford ENG"]
[Date "2003.01.18"]
[Round "3.2"]
[White "Lutton, J Ezra"]
[Black "Hague, Ben"]
[Result "0-1"]
[WhiteElo "2107"]
[BlackElo "2233"]
[PlyCount "90"]
[EventDate "2003.01.18"]

1. Nc3 g6 2. e4 Bg7 3. f4 c6 4. Nf3 d5 5. e5 Nh6 6. d4 f6 7. h4 Bg4 8. Be2 Nf5
9. h5 Bxh5 10. Bd3 Bxf3 11. Qxf3 Nxd4 12. Qg3 f5 13. Rxh7 Kf7 14. Rxh8 Qxh8 15.
Qf2 Ne6 16. g4 Qh1+ 17. Bf1 Nd7 18. Be3 Rh8 19. O-O-O Qh4 20. gxf5 gxf5 21. Qf3
Bh6 22. Ne2 Nxf4 23. Bxf4 Nxe5 24. Qe3 Nc4 25. Qf3 e5 26. Bxh6 Qxh6+ 27. Kb1
Ne3 28. Re1 d4 29. Ng3 Qf4 30. Qxf4 exf4 31. Ne2 Rh1 32. Nxd4 Rxf1 33. Rxf1
Nxf1 34. Nxf5 f3 35. Kc1 Kf6 36. Nd6 Ke5 37. Nxb7 Kd4 38. Kd1 Ng3 39. Na5 f2
40. Nb3+ Ke3 41. Nd2 f1=Q+ 42. Nxf1+ Nxf1 43. b3 Kd4 44. Ke2 Ng3+ 45. Kd2 Ne4+
0-1

[Event "4NCL/Div3/NWE2 vs. SCS"]
[Site "Telford ENG"]
[Date "2003.01.18"]
[Round "3.3"]
[White "Hulmes, David I"]
[Black "Lutton, E Josiah"]
[Result "1-0"]
[WhiteElo "2136"]
[BlackElo "2042"]
[PlyCount "133"]
[EventDate "2003.01.18"]

1. e4 e6 2. d4 d5 3. Nd2 Nf6 4. e5 Nfd7 5. Bd3 c5 6. c3 Nc6 7. Ne2 cxd4 8. cxd4
Qb6 9. Nf3 f6 10. exf6 Nxf6 11. O-O Bd6 12. b3 O-O 13. Bf4 Bxf4 14. Nxf4 Qc7
15. g3 e5 16. Nxe5 Nxe5 17. dxe5 Qxe5 18. Re1 Qd6 19. Bc4 Rd8 20. Nxd5 Nxd5 21.
Bxd5+ Kh8 22. Bf7 Qxd1 23. Raxd1 Rxd1 24. Rxd1 Bf5 25. Re1 g6 26. f4 Rd8 27.
Re8+ Rxe8 28. Bxe8 Be6 29. Bb5 Kg7 30. Kf2 Kf6 31. Ke3 Ke7 32. Kd4 Kd6 33. Bc4
Bf5 34. b4 b6 35. Bg8 h5 36. Bd5 Bd7 37. a3 Bf5 38. Be4 Ke6 39. h3 Kd6 40. g4
hxg4 41. hxg4 Bxg4 42. Bxg6 Ke6 43. Bd3 Bf3 44. f5+ Kf6 45. Be4 Be2 46. Kd5 a5
47. Kc6 axb4 48. axb4 b5 49. Kd5 Bc4+ 50. Kd4 Bf7 51. Bd3 Be8 52. Kc5 Bd7 53.
Kd5 Ke7 54. Ke5 Bc6 55. Be4 Bd7 56. f6+ Kf7 57. Bd5+ Kf8 58. Kd6 Bg4 59. Bc6
Be2 {=} 60. Kc5 Kf7 61. Bxb5 Bf3 62. Bc4+ Kxf6 63. Kd6 Bb7 64. b5 Kf5 65. b6
Ke4 66. Kc7 Ba8 67. Ba6 1-0

[Event "4NCL/Div3/NWE2 vs. SCS"]
[Site "Telford ENG"]
[Date "2003.01.18"]
[Round "3.4"]
[White "Partington, Anna G"]
[Black "Hughes, Howard R"]
[Result "1/2-1/2"]
[WhiteElo "2072"]
[BlackElo "2072"]
[PlyCount "58"]
[EventDate "2003.01.18"]

1. d4 e6 2. Nf3 f5 3. d5 Bd6 4. Nc3 Nf6 5. Bg5 h6 6. Bxf6 Qxf6 7. Nd4 O-O 8. e3
e5 9. Ndb5 Na6 10. Nxd6 Qxd6 11. Bc4 Qg6 12. O-O d6 13. f4 Kh7 14. Rf3 Nc5 15.
Rg3 Qf7 16. Qf3 Bd7 17. b4 Ne4 18. Nxe4 fxe4 19. Qxe4+ Bf5 20. Qf3 Bxc2 21.
fxe5 Qxf3 22. Rxf3 dxe5 23. Rc1 Be4 24. Rxf8 Rxf8 25. Bb3 c6 26. dxc6 Bxc6 27.
a4 Rd8 28. b5 Be4 29. Bc2 Bxc2 1/2-1/2

[Event "4NCL/Div3/NWE2 vs. SCS"]
[Site "Telford ENG"]
[Date "2003.01.18"]
[Round "3.5"]
[White "Savory, Richard J"]
[Black "Heaton, Robert"]
[Result "0-1"]
[WhiteElo "2099"]
[BlackElo "1856"]
[PlyCount "98"]
[EventDate "2003.01.18"]

1. e4 c6 2. d3 d5 3. Nd2 e5 4. g3 Nf6 5. Bg2 Bg4 6. Ngf3 dxe4 7. dxe4 Nbd7 8.
O-O Qc7 9. Qe2 Bc5 10. h3 Bh5 11. a3 a5 12. b3 O-O 13. Bb2 Ne8 14. g4 Bg6 15.
Nc4 f6 16. Bc3 a4 17. b4 Ba7 18. Rad1 b5 19. Nb2 Nb6 20. Qd3 Bf7 21. Rfe1 Nc4
22. Nxc4 Bxc4 23. Qd2 Rf7 24. Bf1 Be6 25. Bb2 Rd7 26. Bd3 Rad8 27. Qe2 Nd6 28.
Nd2 c5 29. bxc5 Qxc5 30. Nb1 Nc4 31. Bc3 Nxa3 32. Ba5 {=} Rb8 33. Nxa3 Qxa3 34.
Rb1 Bc5 35. Bd2 Rdb7 36. Ra1 Qb2 37. Reb1 Qd4 38. Be3 Qd6 39. Rxb5 Rxb5 40.
Bxb5 Bxe3 41. fxe3 Qb4 42. c4 {=} Rd8 43. Rd1 Rxd1+ 44. Qxd1 a3 45. Qd8+ Qf8
46. Qa5 h6 47. Ba6 Qd6 48. Qa4 Kh7 49. Bb7 Qb6 0-1

[Event "4NCL/Div3/NWE2 vs. SCS"]
[Site "Telford ENG"]
[Date "2003.01.18"]
[Round "3.6"]
[White "Bland, David"]
[Black "McCarthy, Jim"]
[Result "1/2-1/2"]
[WhiteElo "1712"]
[BlackElo "2133"]
[PlyCount "54"]
[EventDate "2003.01.18"]

1. d4 d5 2. Nf3 Nf6 3. e3 c5 4. b3 Nc6 5. Bb2 Bg4 6. Be2 e6 7. O-O Be7 8. dxc5
Bxc5 9. Ne5 Bxe2 10. Qxe2 O-O 11. Nd2 Qc7 12. Nxc6 bxc6 13. c4 Bd6 14. h3 Rfd8
15. Rfd1 e5 16. Nf3 Qe7 17. Rac1 a5 18. cxd5 cxd5 19. Rc6 a4 20. Rdc1 axb3 21.
axb3 {=} Rab8 22. Rxd6 Qxd6 23. Bxe5 Qa3 24. Ra1 Qxb3 25. Bxb8 Rxb8 26. Qa2 Qb5
27. Nd4 Qb7 1/2-1/2

[Event "4NCL/Div3/NWE2 vs. SCS"]
[Site "Telford ENG"]
[Date "2003.01.18"]
[Round "3.7"]
[White "Griffiths, Kathy"]
[Black "Hawrami, Dana"]
[Result "1-0"]
[WhiteElo "2064"]
[BlackElo "1712"]
[PlyCount "85"]
[EventDate "2003.01.18"]

1. e4 c5 2. Nc3 Nc6 3. g3 g6 4. Bg2 Bg7 5. d3 d6 6. Be3 e6 7. Qd2 Nd4 8. Nd1
Ne7 9. c3 Ndc6 10. Bh6 O-O 11. h4 Ne5 12. h5 Bxh6 13. Qxh6 Ng4 14. Qg5 Ne5 15.
hxg6 fxg6 16. Ke2 N7c6 17. Qxd8 Rxd8 18. f4 Ng4 19. Bf3 Nf6 20. Ne3 d5 21. e5
Ne8 22. Nh3 Nc7 23. Ng5 d4 24. Ng4 h5 25. Nf6+ Kg7 26. Bxc6 bxc6 27. c4 Ne8 28.
Nfe4 Kg8 29. g4 Ng7 30. Nf6+ Kf8 31. gxh5 gxh5 32. Nxh5 Nf5 33. Rag1 Ke7 34.
Nf6 Rf8 35. Rh7+ Kd8 36. b3 a5 37. Nge4 a4 38. Nxc5 axb3 39. axb3 Ra5 40. Na4
Ba6 41. Ra7 Ne3 42. Rgg7 Nxc4 43. Rgd7+ 1-0

[Event "4NCL/Div3/NWE2 vs. SCS"]
[Site "Telford ENG"]
[Date "2003.01.18"]
[Round "3.8"]
[White "Miller, Naomi K"]
[Black "Bradley, Karen"]
[Result "1-0"]
[WhiteElo "1616"]
[BlackElo "1392"]
[PlyCount "61"]
[EventDate "2003.01.18"]

1. e4 e6 2. d4 d5 3. Nc3 Nf6 4. Bg5 Be7 5. e5 Nfd7 6. h4 O-O 7. Bd3 c5 8. Nh3
g6 9. Nb5 Nc6 10. c3 cxd4 11. cxd4 Nb4 12. Bb1 Nc6 13. Qg4 Qa5+ 14. Nc3 Qb4 15.
Qe2 Qxd4 16. f4 Bb4 17. Qf3 Nc5 18. Bc2 Ne4 19. Rd1 Bxc3+ 20. bxc3 Qxc3+ 21.
Qxc3 Nxc3 22. Rd2 Bd7 23. Bf6 Rfe8 24. Ng5 h6 25. g4 Ne7 26. h5 hxg5 27. hxg6
Nxg6 28. Bxg6 fxg6 29. Rh8+ Kf7 30. Rh7+ Kf8 31. Rdh2 1-0

[Event "4NCL/Div3/NKN1 vs. 3CS2"]
[Site "Telford ENG"]
[Date "2003.01.18"]
[Round "3.1"]
[White "Walsh, Chris"]
[Black "Walton, Alan J"]
[Result "0-1"]
[WhiteElo "2204"]
[BlackElo "2144"]
[PlyCount "80"]
[EventDate "2003.01.18"]

1. e4 e6 2. d3 d5 3. Nd2 Nf6 4. Ngf3 Nc6 5. c3 dxe4 6. dxe4 a5 7. Bb5 Bd7 8.
O-O Bc5 9. Qe2 Qe7 10. e5 Ng4 11. Nc4 O-O 12. Bg5 f6 13. exf6 gxf6 14. Bh4 e5
15. h3 Nh6 16. Ne3 Bxe3 17. fxe3 Qg7 18. Kh2 Nf5 19. e4 Nd6 20. a4 Qh6 21. Rae1
Be6 22. Qd2 Qg6 23. Bd3 Rad8 24. Qe2 Rd7 25. Nd2 Rg7 26. Bc4 Nxc4 27. Nxc4 Qh6
28. Bg3 Rd8 29. Ne3 Ne7 30. Qf2 Rg6 31. Bh4 Rf8 32. g4 Bd7 33. b3 Bc6 34. Nf5
Nxf5 35. gxf5 Rg7 36. Rg1 Rd8 37. Rxg7+ Kxg7 38. Rg1+ Kf7 39. Rg2 Bxe4 40. Qc5
Bxg2 0-1

[Event "4NCL/Div3/NKN1 vs. 3CS2"]
[Site "Telford ENG"]
[Date "2003.01.18"]
[Round "3.2"]
[White "Shaw, David A"]
[Black "Rees, Ioan"]
[Result "0-1"]
[WhiteElo "2196"]
[BlackElo "2106"]
[PlyCount "92"]
[EventDate "2003.01.18"]

1. e4 c5 2. Nf3 Nc6 3. d4 cxd4 4. Nxd4 Nf6 5. Nc3 e6 6. Bc4 Bb4 7. Nxc6 bxc6 8.
O-O d5 9. exd5 cxd5 10. Bd3 O-O 11. Bg5 h6 12. Bh4 Bb7 13. Ne2 Be7 14. c3 Ne4
15. Bxe7 Qxe7 16. Nd4 e5 17. Nf5 Qg5 18. Bxe4 dxe4 19. Qd7 Rab8 20. Nd6 Ba8 21.
Nc4 e3 22. Nxe3 Rxb2 23. c4 Qxe3 24. fxe3 Rxg2+ 25. Kh1 Rd2+ 26. Qd5 Bxd5+ 27.
cxd5 Rxd5 28. Rfc1 Rfd8 29. a4 Rd3 30. Rc7 R8d7 31. Rac1 Rd1+ 32. Kg2 Rxc1 33.
Rxd7 Rc2+ 34. Kg1 Re2 35. Rxa7 Rxe3 36. a5 Ra3 37. a6 Ra2 38. h3 f6 39. Kf1 e4
40. h4 f5 41. Ra8+ Kh7 42. h5 f4 43. Rf8 Rxa6 44. Rxf4 Rf6 45. Rf2 Kg8 46. Ke2
Rxf2+ 0-1

[Event "4NCL/Div3/NKN1 vs. 3CS2"]
[Site "Telford ENG"]
[Date "2003.01.18"]
[Round "3.3"]
[White "Morris, Gareth"]
[Black "Adams, Phil"]
[Result "1-0"]
[WhiteElo "2174"]
[BlackElo "2056"]
[PlyCount "69"]
[EventDate "2003.01.18"]

1. d4 Nf6 2. c4 g6 3. Nc3 Bg7 4. e4 d6 5. Nf3 O-O 6. Be2 a6 7. O-O Bg4 8. Be3
Nfd7 9. Ne1 Bxe2 10. Qxe2 c5 11. Rd1 cxd4 12. Bxd4 Bxd4 13. Rxd4 Nc6 14. Rd2
Qa5 15. f4 Nb6 16. Kh1 Na4 17. Nxa4 Qxa4 18. b3 Qa5 19. Nf3 b5 20. Rc2 Qb6 {=}
21. e5 dxe5 22. c5 Qc7 23. fxe5 Rad8 24. Qe3 Rd5 25. Qh6 Rxe5 26. Nxe5 Qxe5 27.
Qf4 Qd5 28. Qf3 Qe6 29. Rd2 Qc8 30. h3 b4 31. Qd5 a5 32. Rdf2 e6 33. Qd6 Qa6
34. Qd7 Ne5 35. Qc7 1-0

[Event "4NCL/Div3/NKN1 vs. 3CS2"]
[Site "Telford ENG"]
[Date "2003.01.18"]
[Round "3.4"]
[White "Whitworth, Philip"]
[Black "Gandy, Andrew"]
[Result "0-1"]
[WhiteElo "1944"]
[BlackElo "2097"]
[PlyCount "73"]
[EventDate "2003.01.18"]

1. e4 c5 2. Nc3 Nc6 3. g3 g6 4. Bg2 Bg7 5. d3 d6 6. f4 e6 7. Nf3 Nge7 8. O-O
Rb8 9. Be3 Nd4 10. e5 Nef5 11. Bf2 Nxf3+ 12. Bxf3 Nd4 13. Bg2 dxe5 14. fxe5
Bxe5 15. Ne4 b6 16. c3 Nb5 17. Be3 O-O 18. Bh6 Bg7 19. Bxg7 Kxg7 20. Nf6 Nc7
21. Qe2 Qd6 22. Rad1 Nd5 23. Ne4 Qc7 24. d4 cxd4 25. Rxd4 Bb7 26. c4 Ne7 27.
Ng5 Nf5 28. Rd2 Qc5+ 29. Rf2 Bxg2 30. Kxg2 Ne3+ 31. Kf3 Nxc4 32. Rc2 Qxg5 33.
Rxc4 Qh5+ 34. g4 Qd5+ 35. Kg3 Rbc8 36. Ra4 a5 37. Qe3 0-1

[Event "4NCL/Div3/NKN1 vs. 3CS2"]
[Site "Telford ENG"]
[Date "2003.01.18"]
[Round "3.5"]
[White "Powell, Annie"]
[Black "Plant, Paul"]
[Result "1/2-1/2"]
[WhiteElo "2036"]
[BlackElo "2024"]
[PlyCount "51"]
[EventDate "2003.01.18"]

1. e4 e6 2. d4 d5 3. Nd2 Nf6 4. e5 Nfd7 5. f4 c5 6. Ngf3 Nc6 7. Bd3 Be7 8. O-O
O-O 9. Kh1 f6 10. c3 Qe8 11. Qe1 Qh5 12. Bc2 a6 13. Nb3 b6 14. Be3 a5 15. Qg3
c4 16. Nbd2 b5 17. exf6 Nxf6 18. Rae1 Qg4 19. Qxg4 Nxg4 20. g3 Nxe3 21. Rxe3
Bd7 22. Rfe1 Rf7 23. Ne5 Nxe5 24. Rxe5 Bf6 25. R5e2 b4 26. Nf3 1/2-1/2

[Event "4NCL/Div3/NKN1 vs. 3CS2"]
[Site "Telford ENG"]
[Date "2003.01.18"]
[Round "3.6"]
[White "Lewis, Andrew"]
[Black "Davis, Lee"]
[Result "1/2-1/2"]
[WhiteElo "1936"]
[BlackElo "2002"]
[PlyCount "54"]
[EventDate "2003.01.18"]

1. e4 d6 2. d4 Nf6 3. Nc3 g6 4. Bc4 Bg7 5. Nge2 O-O 6. O-O Nc6 7. f3 e5 8. Be3
exd4 9. Nxd4 Nxd4 10. Bxd4 Be6 11. Be2 Nd7 12. f4 Nb6 13. f5 Bc4 14. Bxg7 Kxg7
15. f6+ Kh8 16. Qd2 Bxe2 17. Qh6 Rg8 18. Nxe2 g5 19. h4 Rg6 20. Qh5 gxh4 21.
Qxh4 Nd7 22. Rf5 Rxf6 23. Rh5 Qg8 24. Nf4 Qg7 25. Rg5 Qh6 26. Rh5 Qg7 27. Rg5
Qh6 1/2-1/2

[Event "4NCL/Div3/NKN1 vs. 3CS2"]
[Site "Telford ENG"]
[Date "2003.01.18"]
[Round "3.7"]
[White "Ralphs, Nigel"]
[Black "Keech, Paul"]
[Result "1/2-1/2"]
[WhiteElo "1931"]
[BlackElo "1896"]
[PlyCount "69"]
[EventDate "2003.01.18"]

1. d4 g6 2. e4 c6 3. Nc3 Bg7 4. Nf3 d6 5. Be3 Nf6 6. Qd2 O-O 7. Bd3 Qc7 8. Bh6
Bg4 9. h3 Bxf3 10. gxf3 e5 11. Bxg7 Kxg7 12. d5 Nh5 13. O-O-O Nd7 14. dxc6 bxc6
15. Bc4 Nb6 16. Bb3 Rad8 17. Qg5 h6 18. Qe3 Qe7 19. a4 Nf4 20. a5 Nc8 21. Ne2
Ng2 22. Qc3 Qh4 23. Qxc6 Qxf2 24. Nc3 Ne3 25. Rd3 Ne7 26. Qc7 Nc8 27. Nd1 Nxd1
28. Rhxd1 Qh4 29. Rc3 Qxh3 30. Qb7 Qd7 31. Rc7 Qe8 32. Bd5 h5 33. Bc6 Qe6 34.
Bd5 Qe8 35. Bc6 1/2-1/2

[Event "4NCL/Div3/NKN1 vs. 3CS2"]
[Site "Telford ENG"]
[Date "2003.01.18"]
[Round "3.8"]
[White "Martin, Katie A"]
[Black "St. Clair, Allan"]
[Result "0-1"]
[WhiteElo "1584"]
[BlackElo "1854"]
[PlyCount "106"]
[EventDate "2003.01.18"]

1. e4 d5 2. exd5 Qxd5 3. Nf3 Bf5 4. Be2 Nf6 5. O-O e6 6. d4 c6 7. c4 Qa5 8. Nc3
Bb4 9. Bd2 Nbd7 10. a3 Be7 11. Nd5 Qd8 12. Nxe7 Qxe7 13. h3 O-O 14. Be3 Ne4 15.
Nd2 Ndf6 16. Nxe4 Nxe4 17. Qb3 Rfd8 18. Rfd1 Rd7 19. Bf3 Ng5 20. Be2 h6 21. Bd3
Qf6 22. Qc2 Rad8 23. Bxf5 exf5 24. f3 Ne6 25. d5 cxd5 26. cxd5 Rxd5 27. Rxd5
Rxd5 28. Bxa7 Qg5 29. Rd1 Rxd1+ 30. Qxd1 Nf4 31. Qc2 Nxh3+ 32. Kf1 Nf4 33. Be3
Qh4 34. Qc8+ Kh7 35. Qxf5+ Ng6 36. Qc2 Qh5 37. Qd3 f5 38. Kg1 Qh4 39. Bf2 Qf4
40. Be3 Qe5 41. Qd4 {=} Qe6 42. Qc3 f4 43. Bd4 Nh4 44. Qd3+ Nf5 45. Bf2 g6 46.
Qb5 Qe7 47. Qc4 Ng3 48. Bxg3 fxg3 49. Kf1 h5 50. Qf4 h4 51. Qe4 Qd8 52. Qxb7+
Kh6 53. Qb3 Qd2 0-1

[Event "4NCL/Div3/WRO2 vs. PPA2"]
[Site "Telford ENG"]
[Date "2003.01.18"]
[Round "3.1"]
[White "Lim, Chin-Lee"]
[Black "Dignam, Matthew"]
[Result "1-0"]
[WhiteElo "2060"]
[BlackElo "2098"]
[PlyCount "78"]
[EventDate "2003.01.18"]

1. d4 Nf6 2. Nf3 e6 3. g3 d5 4. Bg2 Be7 5. O-O O-O 6. c4 c6 7. Nc3 Nbd7 8. b3
Bb4 9. Bb2 Re8 10. a3 Ba5 11. Qc2 Bc7 12. Rad1 Qe7 13. e3 Nf8 14. Nd2 Ng6 15.
e4 dxe4 16. Ndxe4 Ng4 17. h3 Nh6 18. d5 exd5 19. cxd5 Bf5 20. dxc6 bxc6 21. b4
Ne5 22. b5 Nc4 23. bxc6 Nxb2 24. Qxb2 Be5 25. Rfe1 Bxe4 26. Rxe4 Qc5 27. Rde1
Re6 28. Na4 Bxb2 29. Nxc5 Rxe4 30. Nxe4 Bxa3 31. Ra1 Be7 32. c7 Rc8 33. Rxa7 f5
34. Nc3 Bc5 35. Rb7 Bd6 36. Nb5 Nf7 37. Bd5 Bxc7 38. Rxc7 Rxc7 39. Nxc7 Kf8 1-0

[Event "4NCL/Div3/WRO2 vs. PPA2"]
[Site "Telford ENG"]
[Date "2003.01.18"]
[Round "3.2"]
[White "Winfridsson, Ola"]
[Black "Arnott, Jonathan W"]
[Result "1-0"]
[WhiteElo "2038"]
[BlackElo "2070"]
[PlyCount "135"]
[EventDate "2003.01.18"]

1. d4 e6 2. Nf3 f5 3. Bg5 Be7 4. Bxe7 Qxe7 5. Qd3 Nf6 6. c4 b6 7. e3 Bb7 8. Qa3
Nc6 9. Qxe7+ Kxe7 10. a3 Ne4 11. Nfd2 Nxd2 12. Nxd2 f4 13. Bd3 fxe3 14. fxe3
Raf8 15. Be4 Nd8 16. Bxb7 Nxb7 17. Ke2 Rf7 {=} 18. Raf1 Rhf8 19. Rf3 d5 20.
Rxf7+ Rxf7 21. cxd5 exd5 22. Nf3 c5 23. dxc5 bxc5 24. Rd1 Kd6 25. e4 d4 26. b4
Re7 27. e5+ Kd5 28. bxc5 Kxc5 29. Rxd4 Na5 30. Kd3 Nc6 31. Rh4 Nxe5+ 32. Nxe5
Rxe5 33. Rxh7 Rg5 34. g3 a5 35. Rh4 Rd5+ 36. Kc3 g5 37. Rg4 Rf5 38. Kb3 Kb6 39.
Ka4 Ka6 40. h4 gxh4 41. gxh4 Rh5 42. Kb3 Rh6 43. Kc4 Kb6 44. Kd5 Rf6 45. Ke5
Rf3 46. a4 Kc5 47. Rf4 Rb3 48. Kf5 Kd6 49. Re4 Rf3+ 50. Kg4 Rf1 51. h5 Rg1+ 52.
Kf5 Rh1 53. Kg5 Kd5 54. Rh4 Rg1+ 55. Kf6 Rf1+ 56. Ke7 Re1+ 57. Kd7 Rb1 58. Kc7
Rb4 59. Rh1 Rxa4 60. h6 Rf4 61. h7 Rf8 62. h8=Q Rxh8 63. Rxh8 Kc4 64. Kb6 a4
65. Ka5 a3 66. Rh3 a2 67. Ra3 a1=Q 68. Rxa1 1-0

[Event "4NCL/Div3/WRO2 vs. PPA2"]
[Site "Telford ENG"]
[Date "2003.01.18"]
[Round "3.3"]
[White "Cumbers, Paul"]
[Black "McMahon, Paul"]
[Result "1-0"]
[WhiteElo "2040"]
[BlackElo "2041"]
[PlyCount "89"]
[EventDate "2003.01.18"]

1. c4 Nf6 2. g3 e5 3. Bg2 Bc5 4. Nc3 O-O 5. e3 Re8 6. d3 c6 7. Nge2 d5 8. cxd5
Nxd5 9. Nxd5 cxd5 10. Qb3 e4 11. dxe4 dxe4 12. O-O Qb6 13. Qc2 f5 14. Bd2 Na6
15. a3 Bd7 16. b4 Bf8 17. Nd4 Rac8 18. Qb2 Nc7 19. Rfc1 Nb5 20. Nxb5 Qxb5 21.
Bf1 Qd5 22. Bc3 Ba4 23. Bd4 a6 24. Rxc8 Rxc8 25. Rc1 Rc6 26. Rc3 h6 27. Qc1 Bb5
28. Bxb5 Qxb5 29. Rxc6 bxc6 30. Qc2 Qd5 31. Qe2 a5 32. bxa5 Bxa3 33. Bb6 Bc5
34. Bxc5 Qxc5 35. Qa2+ Kh7 36. a6 Qd6 37. h4 Qb8 38. a7 Qa8 39. Qa6 c5 40. Qb6
Qd5 41. Qb8 Qd1+ 42. Kh2 Qd2 43. Kg2 Qd1 44. a8=Q Qf3+ 45. Kg1 1-0

[Event "4NCL/Div3/WRO2 vs. PPA2"]
[Site "Telford ENG"]
[Date "2003.01.18"]
[Round "3.4"]
[White "Young, Craig A"]
[Black "Keeling, Geoff"]
[Result "1/2-1/2"]
[WhiteElo "2097"]
[BlackElo "2013"]
[PlyCount "86"]
[EventDate "2003.01.18"]

1. Nf3 d5 2. c4 c6 3. b3 Nf6 4. Bb2 Bf5 5. e3 e6 6. Be2 Bd6 7. O-O Nbd7 8. d4
O-O 9. Nbd2 Ne4 10. Ne5 Nxd2 11. Qxd2 Qc7 12. Nxd7 Qxd7 13. Bd3 Bxd3 14. Qxd3
f5 15. f3 Qc7 16. f4 Rf6 17. a3 a5 18. Bc3 Rff8 19. Rfc1 Qd7 20. b4 axb4 21.
axb4 b5 22. c5 Bc7 23. Qe2 Rfb8 24. Ra2 Rxa2 25. Qxa2 Kf7 26. Ra1 Ke7 27. Qf2
Kf8 28. Ra7 Qc8 29. Qa2 Ke7 30. Be1 Kf8 31. Bh4 Ke8 32. h3 Kd7 33. Kh2 Rb7 34.
Ra3 Bd8 35. Ra8 Rb8 36. Ra7+ Bc7 37. g4 Qf8 38. Qg2 g6 39. Bf2 Ra8 40. Rxa8
Qxa8 41. gxf5 exf5 42. Qg5 Qf8 {=} 43. Qg3 Bd8 1/2-1/2

[Event "4NCL/Div3/WRO2 vs. PPA2"]
[Site "Telford ENG"]
[Date "2003.01.18"]
[Round "3.5"]
[White "Shaw, Peter"]
[Black "Quintana, Marcos I"]
[Result "0-1"]
[WhiteElo "1984"]
[BlackElo "1864"]
[PlyCount "104"]
[EventDate "2003.01.18"]

1. d4 Nf6 2. Nf3 g6 3. Nc3 d5 4. Bf4 Bg7 5. e3 O-O 6. Be2 c6 7. Ne5 Nbd7 8. h4
Ne4 9. Nxe4 Nxe5 10. Nd2 Nd7 11. Nf3 Qa5+ 12. c3 f6 13. h5 Re8 14. hxg6 hxg6
15. Qc2 Nf8 16. Bd3 Kf7 17. Nh4 g5 18. Bg6+ Nxg6 19. Qxg6+ Kf8 20. Nf3 Bf5 21.
Qxf5 gxf4 22. Ng5 e5 23. Ne6+ Rxe6 24. Qxe6 exd4 25. Qd6+ Kg8 26. O-O fxe3 27.
Qe6+ Kf8 28. cxd4 Re8 29. Qd6+ Kf7 30. fxe3 Rxe3 31. Rf2 Re1+ 32. Rf1 Re2 33.
Qd7+ Kg8 34. Qg4 Qd2 35. Qc8+ Kf7 36. Qd7+ Re7 37. Qg4 Re4 38. Qd7+ Kg8 39.
Qc8+ Kh7 40. Qf5+ Kg8 41. Qc8+ Bf8 42. Rad1 Qe3+ 43. Rf2 Rf4 44. Rdf1 Qxd4 45.
g3 Rxf2 46. Rxf2 Kg7 47. Qxb7+ Kg6 48. Kg2 Bc5 49. Rf1 Qe4+ 50. Kh3 Qe6+ 51. g4
Qe3+ 52. Kh4 Bd6 0-1

[Event "4NCL/Div3/WRO2 vs. PPA2"]
[Site "Telford ENG"]
[Date "2003.01.18"]
[Round "3.6"]
[White "Retallick, Lloyd"]
[Black "Keely, Leo"]
[Result "0-1"]
[WhiteElo "1856"]
[BlackElo "1936"]
[PlyCount "58"]
[EventDate "2003.01.18"]

1. d4 d5 2. c4 c6 3. Nc3 Nf6 4. e3 e6 5. Nf3 Nbd7 6. Qc2 a6 7. Bd3 dxc4 8. Bxc4
b5 9. Bd3 Bb7 10. Ne4 Rc8 11. Nc5 Nxc5 12. dxc5 Bxc5 13. O-O Qb6 14. e4 h6 15.
Bf4 O-O 16. Rad1 Be7 17. Qc1 Qc5 18. Qd2 Qh5 19. e5 Nd5 20. Bg3 c5 21. Be4 Rfd8
22. Qe2 c4 23. Nd4 Qxe2 24. Nxe2 Ba8 25. f3 Ne3 26. Rxd8+ Rxd8 27. Re1 Bxe4 28.
fxe4 Rd2 29. Bf2 Nc2 0-1

[Event "4NCL/Div3/SLO2 vs. NKN1"]
[Site "Telford ENG"]
[Date "2003.03.08"]
[Round "5.1"]
[White "Redpath, Joseph"]
[Black "Williams, Leighton"]
[Result "0-1"]
[WhiteElo "2184"]
[BlackElo "2349"]
[PlyCount "52"]
[EventDate "2003.03.08"]

1. d4 Nf6 2. Nf3 g6 3. Nc3 d5 4. Bf4 Bg7 5. e3 c6 6. Be2 O-O 7. h4 Qb6 8. a3
Nbd7 9. Ne5 Nxe5 10. Bxe5 h5 11. f3 Bf5 12. Rb1 Nd7 13. Bxg7 Kxg7 14. g4 {=}
hxg4 15. fxg4 Be4 16. Nxe4 dxe4 17. h5 Qa5+ 18. c3 Qg5 19. Kd2 c5 20. Qb3 cxd4
21. cxd4 Nf6 22. hxg6 e5 23. dxe5 Rad8+ 24. Kc2 Rc8+ 25. Kd2 Qxe5 26. Qxb7 Qg3
0-1

[Event "4NCL/Div3/SLO2 vs. NKN1"]
[Site "Telford ENG"]
[Date "2003.03.08"]
[Round "5.2"]
[White "Rees, Ioan"]
[Black "Richmond, Robert J"]
[Result "1/2-1/2"]
[WhiteElo "2106"]
[BlackElo "2219"]
[PlyCount "119"]
[EventDate "2003.03.08"]

1. Nf3 f5 2. c4 Nf6 3. Nc3 g6 4. g3 Bg7 5. Bg2 O-O 6. O-O d6 7. d4 Nc6 8. d5
Ne5 9. Qb3 Nfd7 10. Be3 Nc5 11. Bxc5 dxc5 12. Nxe5 Bxe5 13. Qa3 Qd6 14. Nb5 Qb6
15. Qe3 Bf6 16. a4 a5 17. Qf4 c6 18. Nc3 Qxb2 19. dxc6 bxc6 20. Nd5 Ba6 21.
Rab1 Qxe2 22. Rfe1 Qxc4 23. Nxe7+ Bxe7 24. Qxc4+ Bxc4 25. Rxe7 Rf7 26. Re5 {=}
Bd5 27. Rc1 c4 28. Bxd5 cxd5 29. Rxd5 Rc7 30. Rc3 Kf7 31. Kf1 Ke6 32. Rd4 Rac8
33. f4 Rb7 34. Rdxc4 Rxc4 35. Rxc4 Kd5 36. Rc2 Kd4 37. Ke2 Rb4 38. Rc7 Rxa4 39.
Rxh7 Kc3 40. Rh6 Re4+ 41. Kf3 Re6 42. g4 fxg4+ 43. Kxg4 a4 44. Rh3+ Kb2 45. f5
gxf5+ 46. Kxf5 Rc6 47. Rh8 a3 48. Rb8+ Kc3 49. Ra8 Kb4 50. Rb8+ Ka5 51. Rb1 Rh6
52. Ra1 Ka4 53. Rh1 a2 54. h4 Kb3 55. Kg5 Rc6 56. h5 Kb2 57. h6 Rc1 58. Rh2+
Rc2 59. Rh1 Rg2+ 60. Kf6 1/2-1/2